2026/27 Logos des Équipes de Ligue 1 - Statistiques

Statistiques générales
  • Ce quiz a été pris 35 fois
  • Le résultat moyen est 16 sur 17
Statistiques - réponses
Par images Réponse % Correct
AS Monaco FC
100%
Lille OSC
100%
Olympique Lyonnais
100%
Paris Saint-Germain
100%
RC Lens
100%
AJ Auxerre
97%
FC Lorient
97%
Olympique de Marseille
97%
Paris FC
97%
RC Strasbourg Alsace
97%
Stade Brestois 29
97%
Stade Rennais FC
97%
Toulouse FC
97%
Angers SCO
94%
ES Troyes AC
94%
Le Havre AC
94%
Le Mans FC
84%
Aucun quiz correspondant
Distribution des résultats
% des personnes avec chaque résultat
Percentile par nombre de réponses
Votre historique - résultats
Vous n’avez pas pris ce quiz